[Event "Moscow Open F Women"]
[Site "Moscow RUS"]
[Date "2011.01.29"]
[Round "1.20"]
[White "Baraeva,I"]
[Black "Bauyrzhan,Arnash"]
[Result "1-0"]
[WhiteElo "2201"]
[BlackElo "1900"]

1.d4 Nf6 2.c4 g6 3.Nc3 Bg7 4.e4 d6 5.Be2 O-O 6.Nf3 e5 7.Be3 Nc6 8.d5 Ne7
9.O-O Nh5 10.Ne1 Nf4 11.Bxf4 exf4 12.Nd3 g5 13.Re1 Ng6 14.c5 dxc5 15.Nxc5 Ne5
16.Qb3 g4 17.f3 gxf3 18.gxf3 Bh3 19.Kh1 Qh4 20.Nb5 Kh8 21.Rg1 Bf6 22.Nd3 Nxd3
23.Qxd3 Qf2 24.Bf1 Bd7 25.Nxc7 Rac8 26.Rg2 Qh4 27.Qd2 Bh3 28.Rg1 Rg8 29.Bxh3 Qxh3
30.Qxf4 Bxb2 31.e5 f5 32.Rxg8+ Rxg8 33.Rg1 Rg6 34.Rxg6 hxg6 35.Kg1 Qh7 36.Ne6 Qd7
37.Qh6+ Qh7 38.Qxh7+ Kxh7 39.f4 Kg8 40.d6 Kf7 41.d7  1-0

[Event "Moscow Open F Women"]
[Site "Moscow RUS"]
[Date "2011.01.29"]
[Round "1.6"]
[White "Nebolsina,V"]
[Black "Sazonova,A"]
[Result "1-0"]
[WhiteElo "2388"]
[BlackElo "1886"]

1.d4 Nf6 2.c4 g6 3.Nc3 Bg7 4.e4 d6 5.Be2 O-O 6.Nf3 Nbd7 7.O-O e5 8.Re1 a5
9.Be3 Re8 10.dxe5 Nxe5 11.Nxe5 Rxe5 12.f3 Re8 13.Qd2 Be6 14.Rad1 Qe7 15.Bf1 b6
16.Bg5 Rad8 17.Qf4 Nh5 18.Bxe7 Nxf4 19.Bxd8 Rxd8 20.g3 Nh5 21.e5 Bf8 22.Nb5 Rd7
23.exd6 cxd6 24.Nd4 Ng7 25.Nxe6 Nxe6 26.Bh3 Rc7 27.Bxe6 fxe6 28.b3 Kf7 29.Re4 e5
30.f4 exf4 31.Rxf4+ Kg8 32.Rd5 Re7 33.Rb5 Re1+ 34.Rf1 Re2 35.Rxb6 Re8 36.Ra6 Re5
37.Ra8 Rf5 38.Rxf5 gxf5 39.Rxa5  1-0

[Event "16th HIT Open"]
[Site "Nova Gorica SLO"]
[Date "2011.01.29"]
[Round "3"]
[White "Franca,Veronika"]
[Black "Pagnutti,L"]
[Result "1/2-1/2"]
[WhiteElo "1808"]
[BlackElo "2080"]

1.d4 Nf6 2.c4 g6 3.Nc3 Bg7 4.e4 d6 5.Nf3 O-O 6.Be2 e5 7.d5 a5 8.Bg5 h6 9.Bh4 Nbd7
10.Nd2 Nc5 11.b3 Bd7 12.O-O Qe8 13.f3 Nh5 14.Nb5 Bxb5 15.cxb5 Nf4 16.Bf2 f5
17.Bc4 Kh7 18.Qc2 b6 19.Rab1 Qf7 20.Be3 Qe7 21.Kh1 Qf6 22.a3 Kh8 23.b4 axb4
24.axb4 Nd7 25.Ra1 Qd8 26.Bb3 Rxa1 27.Rxa1 Qb8 28.Bxf4 exf4 29.Rc1 fxe4 30.Nxe4 Nf6
31.Nxf6 Rxf6 32.Qxc7 Rf8 33.Qxb8 Rxb8 34.g3 Be5 35.gxf4 Bxf4 36.Rc4 g5 37.Bc2 Kg7
38.Rc7+ Kf6 39.Rh7 Ke5 40.Be4  1/2-1/2

[Event "TCh-HUN 2010-11"]
[Site "Budapest HUN"]
[Date "2011.01.30"]
[Round "5"]
[White "Danner,G"]
[Black "Tatar Kis,S"]
[Result "0-1"]
[WhiteElo "2422"]
[BlackElo "2376"]

1.d4 Nf6 2.Nf3 g6 3.c4 Bg7 4.Nc3 d6 5.e4 O-O 6.Be2 e5 7.d5 a5 8.O-O Na6 9.Ne1 Nc5
10.f3 Nh5 11.g3 f5 12.exf5 gxf5 13.f4 Nf6 14.fxe5 dxe5 15.Be3 Qe7 16.Nd3 Nfd7
17.Qd2 Ra6 18.Rad1 Nxd3 19.Bxd3 Nc5 20.Bc2 Rg6 21.Qe2 b6 22.Rf2 e4 23.Qd2 Nd7
24.Qe2 Ne5 25.Bd4 Nf3+ 26.Rxf3 Bxd4+ 27.Rxd4 Qc5 28.Qf2 exf3 29.Rf4 Qxf2+
30.Kxf2 Rg4 31.Kxf3 Bd7 32.Nd1 Rxf4+ 33.Kxf4 Kg7 34.Ne3 Re8 35.b3 Kf6 36.Bd3 Re5
37.a3 h6 38.b4 axb4 39.axb4 Re8 40.c5 bxc5 41.bxc5 Ra8 42.c6 Ra4+ 43.Kf3 Bc8
44.d6 Ra3 45.Ke2 cxd6 46.Nd5+ Ke5 47.Bc4 Kd4 48.Nb6 Rc3 49.Nxc8 Rxc4 50.Nxd6 Rxc6
51.Nxf5+ Ke4 52.Ne3 Rc3 53.Nf1 Rc2+ 54.Nd2+ Kd4 55.Ke1 Ke3 56.Nf1+ Kf3 57.Nd2+ Kg2
58.g4 Kxh2 59.Nf1+ Kh3 60.Ne3 Ra2 61.Kf1 Kg3 62.Nf5+ Kf3 63.Kg1 Ra6 64.Kh2 Kxg4
65.Ne3+ Kf3 66.Nf1 Ra5 67.Nd2+ Kg4 68.Ne4 Ra2+ 69.Kg1 Kf3 70.Nf6 Rg2+ 71.Kf1 Re2
72.Kg1 Re6 73.Nd5 Kg3 74.Kf1 h5 75.Nc3 h4 76.Ne2+ Rxe2  0-1

[Event "Moscow Open D University Women"]
[Site "Moscow RUS"]
[Date "2011.01.30"]
[Round "2.4"]
[White "Emelianova,E"]
[Black "Zarivkina,V"]
[Result "0-1"]
[WhiteElo "1770"]
[BlackElo "2084"]

1.c4 Nf6 2.Nf3 g6 3.d4 Bg7 4.Nc3 d6 5.e4 O-O 6.Be2 Nbd7 7.O-O e5 8.d5 h6
9.Ne1 Nc5 10.Qc2 a5 11.Be3 Nfd7 12.Nd3 b6 13.a3 f5 14.f3 f4 15.Bf2 g5 16.b4 Nxd3
17.Bxd3 h5 18.Na4 g4 19.c5 bxc5 20.bxc5 Qg5 21.fxg4 hxg4 22.g3 Rb8 23.cxd6 cxd6
24.Rab1 Rxb1 25.Rxb1 fxg3 26.hxg3 Qh6 27.Bf1 Bf6 28.Rb3 Kg7 29.Qe2 Bg5 30.Be3 Nf6
31.Bxg5 Qxg5 32.Qe3 Qg6 33.Nc3 Nh7 34.Bg2 Ng5 35.Nb5 Nf3+ 36.Bxf3 Rxf3 37.Qa7+ Rf7
38.Qe3 a4 39.Rb2 Ba6 40.Qe2 Rf3 41.Qe1 Qf7 42.Kg2 Qh5 43.Qa5 Qh3+  0-1

[Event "TCh-HUN 2010-11"]
[Site "Nagykanizsa HUN"]
[Date "2011.01.30"]
[Round "5"]
[White "Berczes,D"]
[Black "Farkas,Ti"]
[Result "1/2-1/2"]
[WhiteElo "2520"]
[BlackElo "2259"]

1.d4 Nf6 2.c4 g6 3.Nc3 Bg7 4.e4 d6 5.Nf3 O-O 6.Be2 e5 7.O-O Na6 8.Re1 c6
9.Be3 Qe7 10.c5 dxc5 11.dxe5 Ng4 12.Bxa6 Nxe3 13.Rxe3 bxa6 14.Qd6 Re8 15.Qxc6 Bb7
16.Qd6 Rad8 17.Qxe7 Rxe7 18.Rd1 Rxd1+ 19.Nxd1 Bxe5 20.Nxe5 Rxe5 21.f3 Re6
22.Kf2 Rd6 23.Ke1 Bc8 24.Rc3 Be6 25.b3 Rc6 26.Nb2 Rc8 27.Nc4 f6 28.Nd6 Rc6
29.Nb7 c4 30.b4 Rb6 31.Nc5 Bf7 32.a3 a5 33.bxa5 Rb5 34.Na4 Rxa5 35.Nb2 f5
36.Kd2 fxe4 37.fxe4 Kg7 38.Ke3 Rb5 39.Nxc4 Bxc4 40.Rxc4 Rb3+ 41.Kf4 Rxa3
42.Rc7+ Kg8 43.Kg5 Ra2 44.g4 Rxh2 45.e5 Re2 46.Kf6 Rf2+ 47.Ke7 h5 48.gxh5 gxh5
49.e6 Kg7 50.Rxa7 Kg6 51.Ke8 h4 52.e7 Re2 53.Kf8 Rf2+ 54.Kg8 Re2 55.Kf8 Rf2+
56.Ke8 Re2 57.Kd8 Kg5 58.e8=Q Rxe8+ 59.Kxe8 h3 60.Ke7 h2 61.Ra1 Kg4 62.Kf6 Kg3
63.Kg5 Kg2 64.Ra2+ Kg1 65.Rxh2 Kxh2  1/2-1/2

[Event "Oceania Zonal"]
[Site "Rotorua NZL"]
[Date "2011.01.30"]
[Round "8.20"]
[White "Davis,J"]
[Black "Bennett,H"]
[Result "0-1"]
[WhiteElo "2023"]
[BlackElo "1974"]

1.d4 d6 2.Nf3 g6 3.c4 Bg7 4.Nc3 Nf6 5.e4 O-O 6.Be2 e5 7.O-O Nbd7 8.h3 Re8
9.dxe5 dxe5 10.Be3 c6 11.c5 Qc7 12.Bc4 Nf8 13.Ng5 Be6 14.Nxe6 Nxe6 15.Bxe6 Rxe6
16.b4 Rd8 17.Qc2 Nd7 18.Rad1 Ree8 19.Rd3 Nf8 20.Rfd1 Ne6 21.Ne2 Rxd3 22.Rxd3 Rd8
23.Qd1 Rxd3 24.Qxd3 a5 25.b5 Bf8 26.b6 Qe7 27.Qc3 Nxc5 28.Qxa5 Nxe4 29.Qa8 f5
30.Bh6 Nc5 31.Qb8 Nd7 32.Bxf8 Nxf8 33.Nc1 e4 34.Nb3 e3 35.Nd4 e2 36.Nxe2 Qxe2
37.Qxb7 Qd1+ 38.Kh2 Qd6+ 39.g3 Nd7 40.Qc8+ Kg7 41.b7 Nb8 42.a4 f4 43.h4 fxg3+
44.fxg3 h5 45.a5 Kf6 46.Qh8+ Kf5 47.Qh6 c5 48.Qg5+ Ke4 49.Qc1 Kd5 50.Qh1+ Kc4
51.Qf1+ Kb4 52.a6 Nxa6 53.Qxa6 Qxa6 54.b8=Q+ Qb5 55.Qd6 Qe2+ 56.Kh3 Qf1+
57.Kh2 Qf2+ 58.Kh3 Qf5+ 59.Kh2 Kc3 60.Qd8 c4 61.Qh8+ Kc2 62.Qa1 c3 63.Qa4+ Kd2
64.Qd4+ Qd3 65.Qf4+ Kd1 66.Kh1 c2 67.Qa4 Qd5+ 68.Kh2 Qd2+ 69.Kh1 Ke1 70.Qe4+ Qe2
71.Qb4+ Kf2 72.Qc5+ Kxg3 73.Qg5+ Kf3 74.Qf6+ Ke3 75.Qc3+ Qd3 76.Qc5+ Ke2
77.Qe5+ Kd1 78.Qg3 Qe4+ 79.Kh2 Qe2+ 80.Kh3 Qg4+  0-1

[Event "16th HIT Open"]
[Site "Nova Gorica SLO"]
[Date "2011.01.31"]
[Round "6"]
[White "Unuk,Laura"]
[Black "Kralj,S"]
[Result "1/2-1/2"]
[WhiteElo "1735"]
[BlackElo "1892"]

1.d4 Nf6 2.c4 d6 3.Nc3 g6 4.e4 Bg7 5.Nf3 O-O 6.Be2 e5 7.d5 a5 8.Bg5 Qe8 9.Nd2 Na6
10.Be3 Nc5 11.b3 Bd7 12.Rb1 b6 13.a3 h6 14.f3 Nh7 15.O-O f5 16.b4 Na4 17.Nxa4 Bxa4
18.Qc1 Bd7 19.c5 axb4 20.axb4 bxc5 21.bxc5 f4 22.Bf2 Qe7 23.cxd6 cxd6 24.Rb7 Rfc8
25.Qb2 Nf6 26.Nc4 Rd8 27.Nb6 Rab8 28.Nxd7 Rxb7 29.Qxb7 Rxd7 30.Qb8+ Rd8 31.Qb2 g5
32.g4 fxg3 33.hxg3  1/2-1/2

[Event "16th HIT Open"]
[Site "Nova Gorica SLO"]
[Date "2011.02.01"]
[Round "7"]
[White "Franca,Veronika"]
[Black "Unuk,Laura"]
[Result "1/2-1/2"]
[WhiteElo "1808"]
[BlackElo "1735"]

1.d4 Nf6 2.c4 g6 3.Nc3 Bg7 4.e4 d6 5.Nf3 O-O 6.Be2 e5 7.d5 a5 8.Bg5 h6 9.Bh4 Na6
10.Nd2 Qe8 11.a3 Bd7 12.b3 Nh7 13.f3 f5 14.Rb1 b6 15.b4 axb4 16.axb4 g5 17.Bf2 f4
18.Qb3 Qc8 19.Ra1 Qb7 20.Ra3 Ra7 21.Nb5 Bxb5 22.cxb5 Nb8 23.Qa2 Rxa3 24.Qxa3 Nd7
25.Qa6 Rb8 26.O-O Nhf6 27.Ra1 Ne8 28.Nb3 Qc8 29.Qxc8 Rxc8 30.Ra7 Kh7 31.h4 Kg6
32.hxg5 hxg5 33.Nd2  1/2-1/2

[Event "33rd Bulgarian Open"]
[Site "Plovdiv BUL"]
[Date "2011.02.01"]
[Round "3.17"]
[White "Arsovic,Z"]
[Black "Dimov,K"]
[Result "1-0"]
[WhiteElo "2445"]
[BlackElo "2194"]

1.Nf3 Nf6 2.c4 g6 3.Nc3 Bg7 4.e4 d6 5.d4 O-O 6.Be2 e5 7.Be3 Nc6 8.d5 Ne7
9.h4 c6 10.Nd2 b5 11.dxc6 b4 12.c7 Qxc7 13.Nd5 Nfxd5 14.cxd5 f5 15.f3 Bd7
16.Rc1 Qd8 17.Nc4 Bb5 18.Qd2 Bxc4 19.Rxc4 a5 20.Qc2 Rc8 21.Rxc8 Nxc8 22.Ba6 Ne7
23.Qc4 Qd7 24.Qb5 Qc7 25.Qc4 Qd8 26.Kd2 fxe4 27.fxe4 Qd7 28.Qe2 Qa4 29.Bc4 b3
30.a3 Qd7 31.Bb5 Qb7 32.a4 Rc8 33.Rc1 Rf8 34.Qg4 Nf5 35.exf5 gxf5 36.Qc4 Qf7
37.Qxb3 f4 38.Bb6 e4 39.Kc2 Qg6 40.Qh3 Kh8 41.Kb3 e3 42.Rc8 Qe4 43.Rxf8+ Bxf8
44.Qe6 Qb4+ 45.Ka2 h6 46.Bd8  1-0

[Event "33rd Bulgarian Open"]
[Site "Plovdiv BUL"]
[Date "2011.02.01"]
[Round "3.12"]
[White "Antic,De"]
[Black "Ivanov,StojanE"]
[Result "1-0"]
[WhiteElo "2495"]
[BlackElo "2241"]

1.d4 Nf6 2.c4 g6 3.Nc3 Bg7 4.e4 d6 5.Nf3 O-O 6.Be2 e5 7.Be3 Ng4 8.Bg5 f6
9.Bh4 g5 10.Bg3 Nh6 11.c5 g4 12.Nh4 Nc6 13.cxd6 Nxd4 14.dxc7 Qxc7 15.O-O Nxe2+
16.Qxe2 Be6 17.Rfd1 Rfd8 18.f3 gxf3 19.Nxf3 Kh8 20.h3 Qf7 21.b3 Qg6 22.Kh2 Rg8
23.Rd3 Bf8 24.Nh4 Qg5 25.Qe3 Qh5 26.Qf3 Qg5 27.Rf1 Be7 28.Nf5 Nxf5 29.exf5 Bc8
30.Ne4 Qh6 31.Rfd1 a5 32.Rc3 a4 33.Rc7 Bb4 34.bxa4 Rxa4 35.Qb3 b5 36.Qf7 Rf8
37.Rxc8 Rxc8 38.Qxf6+ Qxf6 39.Nxf6 Ra7 40.Bxe5 Bc3 41.Bxc3 Rxc3 42.Rd8+ Kg7
43.Ne4 Re3 44.Re8 Rxa2 45.f6+ Kg6 46.f7 Rxh3+ 47.Kxh3 Kxf7 48.Nd6+ Kg6 49.Nxb5 Rb2
50.Nd4 Rb4 51.Nf3 Ra4 52.Re6+ Kg7 53.Rd6 Rb4 54.Ng5 Rb3+ 55.g3 Rb7 56.Rc6 Rb5
57.Rc5 Rb1 58.Kg4 Rh1 59.Rc7+ Kg6 60.Rxh7 Ra1 61.Re7 Ra4+ 62.Re4 Ra1 63.Re6+ Kg7
64.Rc6 Ra4+ 65.Kh5 Ra5 66.Rc7+ Kg8 67.Kg6 Ra6+ 68.Kf5 Ra5+ 69.Kf6 Ra6+ 70.Ne6 Ra8
71.Rd7 Ra6 72.g4 Rb6 73.g5  1-0

[Event "Moscow Open F Women"]
[Site "Moscow RUS"]
[Date "2011.02.02"]
[Round "5.6"]
[White "Petrukhina,I"]
[Black "Bodnaruk,A"]
[Result "0-1"]
[WhiteElo "2190"]
[BlackElo "2425"]

1.d4 Nf6 2.c4 g6 3.Nc3 Bg7 4.e4 d6 5.Nf3 O-O 6.Be2 Nbd7 7.O-O e5 8.Re1 Re8
9.Bf1 a6 10.d5 a5 11.a3 Nc5 12.b3 Nh5 13.Bg5 f6 14.Be3 f5 15.exf5 Bxf5 16.b4 axb4
17.axb4 Rxa1 18.Qxa1 Nd3 19.Rd1 Nxb4 20.Qb2 Nc2 21.Qxb7 Nxe3 22.fxe3 e4 23.Nd4 Qg5
24.Nce2 Qxe3+ 25.Kh1 Bxd4 26.Rxd4 Bg4 27.Qb2 Rf8 28.Rd1 Nf4  0-1

[Event "16th HIT Open"]
[Site "Nova Gorica SLO"]
[Date "2011.02.02"]
[Round "8"]
[White "Tratar,M"]
[Black "Vovk,Y"]
[Result "1/2-1/2"]
[WhiteElo "2482"]
[BlackElo "2539"]

1.Nf3 Nf6 2.c4 g6 3.Nc3 Bg7 4.e4 d6 5.d4 O-O 6.Be2 e5 7.Be3 Ng4 8.Bg5 f6
9.Bh4 Nc6 10.d5 Ne7 11.Nd2 h5 12.h3 Nh6 13.f3 c5 14.g4 hxg4 15.hxg4 Nf7 16.Rb1 Bd7
17.Bd3 Nc8 18.b4 Bh6 19.Bf2 b6 20.a3 Kg7 21.Bc2 Rh8 22.Ke2 Ne7 23.Ba4 cxb4
24.axb4 Rc8 25.Bxd7 Qxd7 26.c5 dxc5 27.bxc5 Bxd2 28.Qxd2 bxc5 29.Qa2 Nd6
30.Qa6 Rxh1 31.Rxh1 g5 32.Qa4 Qc7 33.Ra1 Ng6 34.Qxa7 Nf4+ 35.Kd2 Kg6 36.Qxc7 Rxc7
37.Kc2 c4 38.Ra6 Nc8 39.Nb5 Rb7 40.Ra5 Nd3 41.Bg3 Rh7 42.Ra8 Nb6 43.Rg8+ Rg7
44.Rxg7+ Kxg7 45.Kc3 Kf8 46.Nd6 Ke7 47.Nxc4 Nxc4 48.Kxc4 Nb2+ 49.Kc3 Na4+
50.Kb4 Nb2 51.Kb3 Nd3 52.Kc3 Nc5 53.Be1 Kd7 54.Kc4 Na4 55.Bb4 Nb2+ 56.Kc3 Nd1+
57.Kc2 Ne3+ 58.Kd3 Ng2 59.Bd2 Nh4 60.Ke2 Ng6 61.Kf2 Ke8 62.Ke2  1/2-1/2

[Event "Moscow Open F Women"]
[Site "Moscow RUS"]
[Date "2011.02.05"]
[Round "8.8"]
[White "Petrukhina,I"]
[Black "Severiukhina,Z"]
[Result "1-0"]
[WhiteElo "2190"]
[BlackElo "2312"]

1.d4 Nf6 2.c4 g6 3.Nc3 Bg7 4.e4 d6 5.Nf3 O-O 6.Be2 e5 7.Be3 Ng4 8.Bg5 f6
9.Bh4 g5 10.Bg3 Nh6 11.h3 Nc6 12.d5 Ne7 13.Qd2 Nf7 14.Bh2 h5 15.g4 a6 16.O-O-O hxg4
17.hxg4 Bd7 18.Ne1 b5 19.Nc2 Qb8 20.a3 Qb7 21.f3 Rfb8 22.cxb5 axb5 23.Bg1 Rc8
24.Kb1 Ng6 25.Nb4 Ne7 26.Be3 Nh8 27.Rc1 Nhg6 28.Rhd1 Bf8 29.Bf1 Kg7 30.Ne2 Ra4
31.Ng3 c5 32.dxc6 Nxc6 33.Qd5 Be7 34.Bxb5 Ra5 35.Bxc6 Rxd5 36.Bxb7 Rxd1 37.Rxd1  1-0

[Event "TCh-SWE Elitserien 2010-11"]
[Site "Sweden SWE"]
[Date "2011.02.05"]
[Round "7"]
[White "Tikkanen,H"]
[Black "Nithander,V"]
[Result "1-0"]
[WhiteElo "2507"]
[BlackElo "2422"]

1.d4 Nf6 2.c4 g6 3.Nc3 Bg7 4.e4 d6 5.Nf3 O-O 6.Be2 e5 7.O-O exd4 8.Nxd4 Re8
9.f3 Nh5 10.f4 Nf6 11.Bf3 Bg4 12.Bxg4 Nxg4 13.Ndb5 a6 14.Qxg4 axb5 15.cxb5 Bxc3
16.bxc3 Rxe4 17.Qd1 Nd7 18.f5 Qe7 19.a4 Nc5 20.a5 Re2 21.fxg6 hxg6 22.Qd5 Qe6
23.Qf3 Re1 24.Bg5 Rxf1+ 25.Qxf1 Ne4 26.Bh4 Nxc3 27.a6 bxa6 28.bxa6 d5 29.Qf6 Ne4
30.Qxe6 fxe6 31.a7 Kf7 32.Bd8 c5 33.Bc7 d4 34.Kf1 d3 35.Bb8 c4 36.Ke1 g5
37.Kd1 c3 38.h3 d2 39.Kc2 Nf2 40.Rf1 d1=Q+ 41.Rxd1 Nxd1 42.Kxd1 g4 43.h4 g3
44.Kc2 Kg6 45.Kxc3 Kh5 46.Kd4 Kxh4 47.Ke5  1-0

[Event "TCh-SWE Elitserien 2010-11"]
[Site "Sweden SWE"]
[Date "2011.02.05"]
[Round "7"]
[White "Henriksson,Ja"]
[Black "Dalmau,Jo"]
[Result "1/2-1/2"]
[WhiteElo "2283"]
[BlackElo "2138"]

1.d4 Nf6 2.c4 g6 3.Nc3 Bg7 4.e4 d6 5.Nf3 O-O 6.Be2 e5 7.dxe5 dxe5 8.O-O Nbd7
9.Qc2 c6 10.Rd1 Qe7 11.h3 Nh5 12.Be3 Nf4 13.Bf1 Ne6 14.Ne2 b6 15.a3 c5 16.Nc3 Nd4
17.Nxd4 cxd4 18.Nd5 Qd6 19.Bg5 f6 20.Bd2 Bb7 21.b4 f5 22.f3 Rac8 23.Qa4 a6
24.Qb3 Kh8 25.Bd3 Nf6 26.Qb1 fxe4 27.fxe4 Nxd5 28.cxd5 Rf7 29.Rf1 Rcf8 30.Rxf7 Rxf7
31.Qd1 Qf6 32.Qe2 Bf8 33.Be1 Qf4 34.Bd2 Qf6 35.Rd1 b5 36.Ra1 Qh4 37.a4 bxa4
38.Rxa4 Bh6 39.Bxh6 Qxh6 40.Ra1 Kg7 41.b5 axb5 42.Bxb5 Bc8 43.d6 Bd7 44.Bxd7 Rxd7
45.Qb5 Qe3+ 46.Kh1 Rf7 47.Qxe5+ Kh6 48.Qd5 Rf3 49.Qe6 d3 50.d7 d2 51.Rg1 Qxg1+
52.Kxg1 d1=Q+ 53.Kh2 Rd3 54.Qf6 Rxd7 55.Qf8+ Kg5 56.e5  1/2-1/2

[Event "ch-TUR"]
[Site "Kemer-Antalya TUR"]
[Date "2011.02.06"]
[Round "2"]
[White "Bozkurt,I"]
[Black "Kavacik,A"]
[Result "1-0"]
[WhiteElo "2109"]
[BlackElo "1865"]

1.d4 Nf6 2.c4 g6 3.Nc3 Bg7 4.e4 d6 5.Nf3 O-O 6.Be2 e5 7.d5 a5 8.Bg5 h6 9.Bh4 Na6
10.Nd2 Bd7 11.O-O Qe8 12.b3 Nh7 13.a3 f5 14.exf5 gxf5 15.Bh5 Qc8 16.Qc2 Bf6
17.Bxf6 Nxf6 18.Be2 Kh8 19.f4 e4 20.Nd1 Rg8 21.Qc3 Qf8 22.Ne3 Qg7 23.b4 a4
24.Rac1 Kh7 25.Rf2 h5 26.Qd4 Ng4 27.Qxg7+ Kxg7 28.Bxg4 hxg4 29.Nb1 Kf6 30.g3 Rac8
31.Nc3 Rge8 32.Rd2 b6 33.Ne2 Rb8 34.Nd4 Rec8 35.Kg2 Rh8 36.Rc3 Rh3 37.Rd1 Rbh8
38.Rh1 R8h7 39.Ne2 Rh8 40.Ng1 R3h7 41.h4 gxh3+ 42.Rxh3 Be8 43.Rxh7 Rxh7 44.Ne2 Nb8
45.Nd4 Bd7 46.c5 bxc5 47.bxc5 Na6 48.c6 Bc8 49.Rc4 Nc5 50.Rb4 Nd3 51.Rxa4 Ne1+
52.Kg1 Nf3+ 53.Nxf3 exf3 54.Ra8  1-0

[Event "ch-TUR"]
[Site "Kemer-Antalya TUR"]
[Date "2011.02.06"]
[Round "3"]
[White "Yapici,K"]
[Black "Severcan,Sedat Sabri"]
[Result "0-1"]
[WhiteElo "1905"]
[BlackElo "2006"]

1.d4 Nf6 2.Nf3 d6 3.c4 g6 4.Nc3 Bg7 5.e4 O-O 6.Be2 e5 7.O-O Nbd7 8.Qc2 c6
9.Rd1 Qc7 10.dxe5 dxe5 11.b3 Re8 12.Ba3 Bf8 13.Bxf8 Nxf8 14.c5 Bg4 15.Nd2 Ne6
16.Bxg4 Nxg4 17.b4 Qe7 18.h3 Nf6 19.Nc4 Nd4 20.Qb2 Nh5 21.Ne2 Nxe2+ 22.Qxe2 Nf4
23.Qf3 Red8 24.Rd6 b5 25.Rxd8+ Rxd8 26.Nd6 Ne6 27.Qd3 Qg5 28.Rf1 Qxg2+ 29.Kxg2 Nf4+
30.Kf3 Nxd3 31.Rb1 Rd7 32.Rb3 Nf4 33.Ra3 Kf8 34.Nc8 Rc7 35.Nxa7 Ne6 36.Ke3 Nd4
37.Kd3 Ke7 38.Ra6 Kd7 39.f4 f6 40.a4 bxa4 41.Rxa4 Rb7 42.fxe5 fxe5 43.Kc4 Nb5
44.Nxc6 Kxc6 45.Ra6+ Kc7 46.Re6 Nd4 47.Re7+ Kc8 48.Rxe5 Nc6 49.Re8+ Kd7 50.Rh8 Rxb4+
51.Kc3 Rxe4 52.Rxh7+ Ke6 53.Kd3 Ra4 54.Ke3 Ne5 55.Rh8 Kd5 56.Kf2 Kxc5 57.Kg3 Kd5
58.h4 Ke6 59.h5 g5 60.Rg8 Rg4+ 61.Kf2 Nf7 62.Kf3 Rh4 63.Rg6+ Kf5 64.Ra6 Rh3+
65.Kg2 Rxh5 66.Ra3 Ne5 67.Ra4 Rh8 68.Rb4 Ra8 69.Rb3 Rd8 70.Ra3 Rd2+ 71.Kf1 g4
72.Kg1 Kf4 73.Kh1 Rd3 74.Ra1 Rh3+ 75.Kg2 Rg3+ 76.Kh1 Re3 77.Rf1+ Nf3  0-1

[Event "1st Open"]
[Site "Cento ITA"]
[Date "2011.02.08"]
[Round "4"]
[White "Lekic,Du"]
[Black "Zoldan,M"]
[Result "1/2-1/2"]
[WhiteElo "2389"]
[BlackElo "2195"]

1.d4 Nf6 2.c4 g6 3.Nc3 Bg7 4.e4 d6 5.Nf3 O-O 6.Be2 e5 7.O-O Na6 8.Be3 Ng4
9.Bg5 Qe8 10.Re1 exd4 11.Nd5 f6 12.Bf4 c6 13.Bxd6 cxd5 14.exd5 Qd8 15.c5 Nc7
16.Nxd4 Ne5 17.f4 Nf7 18.Bxf8 Bxf8 19.d6 Ne6 20.Nxe6 Bxe6 21.Bf3 Qd7 22.b4 Rc8
23.Bd5 Bxd5 24.Qxd5 b6 25.Rac1 Kg7 26.Qe6 Qxe6 27.Rxe6 Bxd6 28.Rd1 bxc5 29.Rexd6 Nxd6
30.Rxd6 cxb4 31.Rd7+ Kh6 32.Rxa7 Rc2 33.h3 f5 34.Kh2 g5 35.fxg5+ Kxg5 36.Rg7+ Kf6
37.Rb7 Rxa2 38.Rxb4 Ra3 39.h4 Kg6 40.g3 Ra6 41.Kh3 Rc6 42.Rb8 Ra6 43.Rg8+ Kf7
44.Rg5 Kf6  1/2-1/2

[Event "ch-TUR"]
[Site "Kemer-Antalya TUR"]
[Date "2011.02.09"]
[Round "6"]
[White "Aysoy,V"]
[Black "Kilic,I"]
[Result "1-0"]
[WhiteElo "1868"]
[BlackElo "2069"]

1.d4 Nf6 2.c4 g6 3.Nf3 Bg7 4.Nc3 d6 5.e4 O-O 6.Be2 e5 7.dxe5 dxe5 8.Bg5 Nbd7
9.O-O h6 10.Bd2 Re8 11.Qc2 c6 12.Rfd1 Qc7 13.h3 Nh5 14.g3 Ndf6 15.Bf1 g5
16.Bg2 Be6 17.b3 Bf8 18.h4 gxh4 19.Nxh4 Ng4 20.Na4 Qe7 21.a3 Qf6 22.Bb4 b5
23.Nc5 bxc4 24.bxc4 Rad8 25.Nxe6 fxe6 26.Bf3 Qg7 27.Rxd8 Rxd8 28.Rd1 Rd4
29.Bxf8 Kxf8 30.Rxd4 exd4 31.Qb2 Kg8 32.Bxg4 Qxg4 33.Qxd4 Ng7 34.Kg2 a5 35.f3 Qg5
36.Qd6 Qf6 37.e5 Qg5 38.Qxc6 Qxe5 39.Qc8+ Kh7 40.c5 Qb2+ 41.Kh3 Qxa3 42.c6 Qc1
43.Qd7 Qh1+ 44.Kg4 h5+ 45.Kg5 Qe1 46.Qd3+ Kg8 47.f4 Qc1 48.Kh6 Nf5+ 49.Nxf5 exf5
50.Qd8+ Kf7 51.Qd7+  1-0

[Event "ch-TUR"]
[Site "Kemer-Antalya TUR"]
[Date "2011.02.10"]
[Round "7.10"]
[White "Erdogan,H"]
[Black "Dastan,B"]
[Result "0-1"]
[WhiteElo "2234"]
[BlackElo "2147"]

1.d4 Nf6 2.c4 g6 3.Nc3 Bg7 4.e4 d6 5.Nf3 O-O 6.Be2 e5 7.dxe5 dxe5 8.Qxd8 Rxd8
9.Bg5 c6 10.Nxe5 Re8 11.O-O-O Na6 12.Rd6 Be6 13.f4 Nc5 14.Bxf6 Bxf6 15.Rhd1 Bxe5
16.fxe5 Re7 17.b4 Nd7 18.Nd5 cxd5 19.cxd5 Nxe5 20.dxe6 Rxe6 21.Rd8+ Re8 22.Rxa8 Rxa8
23.Rd5 Rc8+ 24.Kb2 f6 25.Ra5 a6 26.b5 axb5 27.Ra7 Nc4+ 28.Kb3 Nd6 29.Bd3 Kf7
30.Kb4 Ke6 31.Bxb5 Rc2 32.Ba4 Rxg2 33.Bb3+ Kd7 34.a4 Rxh2 35.a5 Kc7 36.Ra8 Rh4
37.Rg8 Rxe4+ 38.Kc5 Re7 39.Bd5 f5 40.Rf8 Ne4+ 41.Kd4 Nd6 42.Kc5 Re8 43.Rf6 Ne4+
44.Bxe4 fxe4 45.Kd4  0-1

[Event "ch-St Petersburg Women"]
[Site "St Petersburg RUS"]
[Date "2011.02.11"]
[Round "1"]
[White "Kiseleva,A"]
[Black "Balaian,Ali"]
[Result "0-1"]
[WhiteElo "1864"]
[BlackElo "2147"]

1.d4 Nf6 2.Nf3 g6 3.c4 Bg7 4.Nc3 O-O 5.e4 d6 6.Be2 e5 7.d5 a5 8.Bg5 h6 9.Bh4 Na6
10.Nd2 Qe8 11.O-O Bd7 12.b3 Nh7 13.a3 h5 14.f3 Bh6 15.Bf2 Qe7 16.Qc2 h4 17.Kh1 Kg7
18.Rab1 Rh8 19.b4 axb4 20.axb4 Nf6 21.c5 Nh5 22.c6 Ng3+ 23.Kg1 Nxf1 24.Nxf1 bxc6
25.dxc6 Be6 26.Nd5 Bxd5 27.exd5 Rhb8 28.Bxa6 Rxa6 29.Qc4 Rba8 30.Bxh4 Bg5
31.Bf2 Qf6 32.b5 Ra4 33.Rb4 Rxb4 34.Qxb4 Qf4 35.Qxf4 Bxf4 36.b6 cxb6 37.Bxb6 Kf8
38.g3 Bc1 39.Be3 Bb2 40.Nd2 Bd4 41.Nc4 Ke7 42.h4 Ra4 43.Bxd4 Rxc4 44.Be3 Rc3
45.Kf2 Rd3 46.g4 Rxd5 47.h5 gxh5 48.gxh5 Ra5 49.h6 Ra8 50.f4 Kf6 51.fxe5+ dxe5
52.Kf3 Kf5 53.c7 Rc8 54.h7 Rh8 55.Bc5 Ke6 56.Kg4 Kd7 57.Kf5 Rxh7 58.Kxe5 Rh5+
59.Kd4 Kxc7 60.Ba3 Kd7 61.Bc1 Ke6 62.Ke4 f5+ 63.Kf3 Rh3+ 64.Kf4 Rh4+ 65.Kf3 Rh2
66.Be3 Rh3+ 67.Kf4 Rh4+ 68.Kg3 Rg4+ 69.Kf3 Ke5 70.Bc1 Rb4 71.Bh6 Rb3+ 72.Kf2 Ke4
73.Bg7 f4 74.Bf6 Ra3 75.Be7 Ra2+ 76.Ke1 Kf3 77.Bd6 Re2+ 78.Kd1 Re6 79.Bc7 Re7
80.Bb8 Re8 81.Bc7 Rc8 82.Be5 Rd8+ 83.Kc2 Ke3 84.Bf6 Rd5 85.Kc3 f3 86.Kc4 Rd1  0-1

[Event "TCh-CAT Div Hon"]
[Site "Barcelona ESP"]
[Date "2011.02.12"]
[Round "3"]
[White "Dominguez Pons,E"]
[Black "Cornette,M"]
[Result "0-1"]
[WhiteElo "2313"]
[BlackElo "2544"]

1.d4 Nf6 2.c4 g6 3.Nc3 Bg7 4.e4 d6 5.Nf3 O-O 6.Be2 Nbd7 7.O-O e5 8.dxe5 dxe5
9.b3 Re8 10.Ba3 c6 11.Qc2 Nh5 12.Rfd1 Nf4 13.Bd6 Qf6 14.g3 Nh3+ 15.Kg2 Nf8
16.c5 Bg4 17.Rf1 Ne6 18.Nxe5 Nef4+ 19.gxf4 Nxf4+ 20.Kh1 Bh3 21.Rg1 Rxe5 22.Bxe5 Qxe5
23.Rg3 Qxc5 24.Bf1 Bxf1 25.Rxf1 Rd8 26.Rc1 Be5 27.Rf3 Ne6 28.Ne2 Qb4 29.Re3 Rd2
30.a3 Qd6 31.Qb1 Rb2 32.Qd3 Qxd3  0-1

[Event "ch-TUR"]
[Site "Kemer-Antalya TUR"]
[Date "2011.02.12"]
[Round "9.7"]
[White "Karatekin,T"]
[Black "Korkmaz,N"]
[Result "1-0"]
[WhiteElo "2268"]
[BlackElo "2186"]

1.c4 Nf6 2.Nc3 g6 3.d4 Bg7 4.e4 d6 5.Nf3 O-O 6.Be2 e5 7.d5 a5 8.Bg5 h6 9.Be3 Na6
10.Nd2 Kh7 11.O-O h5 12.a3 Bh6 13.Bxh6 Kxh6 14.b4 c6 15.dxc6 bxc6 16.b5 Nc5
17.Rb1 a4 18.bxc6 Ra6 19.Rb4 Rxc6 20.Nxa4 Ra6 21.Nxc5 dxc5 22.Rb5 Rd6 23.Qc1 Rxd2
24.Rb2 Nxe4 25.Bf3 Qg5 26.Bxe4 Rxb2 27.Qxb2 f5 28.Bd5 e4 29.Qb6 Qe7 30.Re1 Rf6
31.Qb8 Rf8 32.f3 Qf6 33.Qf4+ g5 34.Qe3 exf3 35.gxf3 Qd6 36.a4 Bd7 37.a5 Re8
38.Qxe8 Bxe8 39.Re6+ Qxe6 40.Bxe6 Bc6 41.a6  1-0

[Event "ch-TUR"]
[Site "Kemer-Antalya TUR"]
[Date "2011.02.12"]
[Round "9.9"]
[White "Bozkurt,I"]
[Black "Duman,A"]
[Result "1-0"]
[WhiteElo "2109"]
[BlackElo "2201"]

1.d4 Nf6 2.c4 g6 3.Nc3 Bg7 4.e4 d6 5.Nf3 O-O 6.Be2 e5 7.O-O Na6 8.Re1 Qe8
9.Bf1 Bg4 10.d5 Nb4 11.a3 Bxf3 12.gxf3 Na6 13.b4 Nh5 14.c5 dxc5 15.Bxa6 bxa6
16.bxc5 Qd7 17.Qd3 Qh3 18.Rb1 f5 19.d6 fxe4 20.Nxe4 cxd6 21.cxd6 Rad8 22.Ng5 Qf5
23.Qd5+ Kh8 24.Rb7 Rd7 25.Rxd7 Qxd7 26.Ne6 Re8 27.Nxg7 Qxg7 28.Bb2 Nf4 29.Rxe5 Rxe5
30.Qxe5  1-0

[Event "ch-TUR"]
[Site "Kemer-Antalya TUR"]
[Date "2011.02.12"]
[Round "9"]
[White "Erdogan,H"]
[Black "Severcan,Sedat Sabri"]
[Result "1-0"]
[WhiteElo "2234"]
[BlackElo "2006"]

1.d4 Nf6 2.c4 g6 3.Nc3 Bg7 4.e4 d6 5.Nf3 O-O 6.Be2 e5 7.dxe5 dxe5 8.Qxd8 Rxd8
9.Bg5 Re8 10.Nd5 Nxd5 11.cxd5 h6 12.Be3 c6 13.Bc4 cxd5 14.Bxd5 Nc6 15.O-O-O Nb4
16.Bb3 Be6 17.Bxe6 Rxe6 18.Kb1 Nc6 19.Rd7 Re7 20.Rxe7 Nxe7 21.Rd1 Nc6 22.Rd7 b6
23.Rc7 Nd8 24.b4 Ne6 25.Rb7 Nd8 26.Rd7 Ne6 27.a3 Kf8 28.Kb2 Ke8 29.Rb7 Nd8
30.Rc7 Ne6 31.Rc6 Kd7 32.b5 Rc8 33.Bxh6 Bh8 34.Rxc8 Kxc8 35.Ng5 Nd8 36.Kb3 Kd7
37.Kc4 f6 38.Nf3 Ne6 39.Be3 Bg7 40.Nh4 g5 41.Nf5 Bf8 42.a4 Bc5 43.f3 Bxe3
44.Nxe3 Nc5 45.a5 Nb7 46.a6 Nd6+ 47.Kb4 Ke6 48.g3 Kf7 49.Nf5 Ne8 50.Kc4 Ke6
51.h4 gxh4 52.gxh4 Nc7 53.h5 Kf7 54.Nd6+ Kg7 55.Nc8 Kh6 56.Nxa7 Kxh5 57.Nc8 Na8
58.Kd5  1-0